Antonio Conte's Chelsea - Statistics

General Stats
  • This quiz has been taken 37 times
  • The average score is 30 of 41
Answer Stats
Rank Player Position Nationality Matches Goals Assists % Correct
3 Eden Hazard Left Winger 94 34 20
100%
8 Thibaut Courtois Goalkeeper 85 0 1
100%
13 Álvaro Morata Centre-Forward 48 15 6
97%
14 Antonio Rüdiger Centre-Back 45 3 2
97%
1 César Azpilicueta Centre-Back 99 5 13
97%
7 Cesc Fàbregas Central Midfield 86 10 22
97%
5 N'Golo Kanté Defensive Midfield 89 3 3
97%
4 Pedro Right Winger 91 20 16
97%
18 Andreas Christensen Centre-Back 40 0 0
94%
22 Branislav Ivanovic Right-Back 16 1 1
94%
11 David Luiz Centre-Back 55 3 0
94%
6 Gary Cahill Centre-Back 86 8 1
94%
10 Victor Moses Right Winger 78 8 7
94%
2 Willian Left Winger 96 25 17
94%
19 Davide Zappacosta Right Midfield 35 2 2
91%
12 Michy Batshuayi Centre-Forward 53 19 4
91%
17 Nemanja Matic Defensive Midfield 40 2 8
91%
25 Willy Caballero Goalkeeper 13 0 0
91%
9 Marcos Alonso Left-Back 81 14 7
88%
29 Asmir Begovic Goalkeeper 8 0 0
84%
16 Diego Costa Centre-Forward 42 22 7
84%
24 John Terry Centre-Back 14 1 0
84%
15 Tiemoué Bakayoko Defensive Midfield 43 3 3
84%
27 Oscar Attacking Midfield 11 0 1
78%
31 Emerson Left-Back 7 0 2
75%
26 Kurt Zouma Centre-Back 13 0 1
75%
21 Olivier Giroud Centre-Forward 18 5 3
75%
32 Ethan Ampadu Centre-Back 7 0 0
72%
35 Nathan Aké Centre-Back 5 0 1
63%
30 Kenedy Left Winger 7 1 2
56%
36 Ross Barkley Central Midfield 4 0 0
56%
28 Ruben Loftus-Cheek Central Midfield 11 0 2
53%
20 Danny Drinkwater Central Midfield 22 1 0
50%
34 Ola Aina Right-Back 6 0 0
44%
23 Nathaniel Chalobah Defensive Midfield 15 0 1
34%
37 Callum Hudson-Odoi Left Winger 4 0 0
31%
39 Jérémie Boga Left Winger 1 0 0
28%
33 Charly Musonda Jr. Left Winger 7 1 2
22%
40 Kyle Scott Central Midfield 1 0 0
13%
41 Jake Clarke-Salter Centre-Back 1 0 0
9%
38 Dujon Sterling Right-Back 2 0 0
6%
No matching quizzes found
Score Distribution
Percent of People with Each Score
Percentile by Number Answered
Your Score History
You have not taken this quiz